000 00472nam a2200145Ia 4500
008 240729s9999 xx 000 0 und d
022 _a1750-5968
245 0 _aJournal of Information Literacy
260 _aUnited Kingdom
260 _bChartered Institute of Library and Information Professionals
650 _aBibliography. Library science. Information resources
856 _uhttps://doaj.org/toc/1b3201ddfb2d4cd292da3a3223f83ca3
942 _2ddc
942 _cDOAJEJ
999 _c72285
_d72285
945 _a1
_bMadushi Gamage
_c1
_dMadushi Gamage